Lana Del Rey songs beginning with letter "C" - Statistics

General Stats
  • This quiz has been taken 157 times
  • The average score is 8 of 11
Answer Stats
Hint (Albums) Answer % Correct
Chemtrails over the country club Chemtrails over the country club
92%
Born to die Carmen
83%
Born to die: The paradise edition Cola
81%
Norman fucking rockwell California
77%
Lust for life Cherry
76%
Did you know that there's a tunnel under Ocean Blvd Candy necklace
64%
Norman fucking rockwell Cinnamon girl
63%
Lust for life Change
61%
Ultraviolence Cruel world
60%
Blue banisters Cherry blossom
56%
Lust for life Coachella - Woodstock in my mind
50%
No matching quizzes found
Score Distribution
Percent of People with Each Score
Percentile by Number Answered
Your Score History
You have not taken this quiz